Dištančné environmentálne vzdelávanie v malých a stredných podnikoch

Na minha lista:
Detalhes bibliográficos
Autor principal: Kollár, Vojtech
Outros Autores: Brokeš, Peter
Formato: Capítulo de Livro
Idioma:eslovaco
Tags: Adicionar Tag
Sem tags, seja o primeiro a adicionar uma tag!

MARC

LEADER 00000naa$a2200000$$$4500
001 0066607
005 20240502071806.8
041 0 |a slo 
044 |a SK 
245 1 0 |a Dištančné environmentálne vzdelávanie v malých a stredných podnikoch  |c Vojtech Kollár, Peter Brokeš 
100 1 |a Kollár, Vojtech 
700 1 |a Brokeš, Peter